000 00903nam a22003137a 4500
001 BR2013007502
003 BR-BrBNA
005 20230928104250.0
007 ta
008 230509b bl.||||| |||| 00| 0 por d
040 _aBR-BrBNA
_bpor
_cBiblioteca Nacional de Agricultura
041 _a(Por)
072 _aL73
_b6000
_b4100
090 _ 6000 BR2013007502
100 1 _aReis, J.
245 1 _aDoenças das aves: manual prático para uso de criadores, estudantes e técnicos
_bBiblioteca Agronômica Melhoramentos Nº3
250 1 _a4. ed.
260 3 _aSão Paulo, SP (Brasil):
_bMelhoramentos,
_c1961.
300 _a281 p.
500 _aSummary (Por); 161 illus
650 _aDOENÇA ANIMAL
650 _aAVE DOMÉSTICA
650 _aPECUARISTA
650 _aAUTÓPSIA
650 _aAVICULTURA
650 _aERRADICAÇÃO
909 _a202309
_bLucia
_c55
_dLucia Elande
942 _cBK
999 _c78991
_d78991